El Japón entre oriente y occidente (Registro nro. 29012)

Detalles MARC
000 -LEADER
fixed length control field 00357 a2200109 4500
001 - CONTROL NUMBER
control field ART_26065
005 - DATE AND TIME OF LATEST TRANSACTION
control field 20260410161936.0
008 - FIXED-LENGTH DATA ELEMENTS--GENERAL INFORMATION
fixed length control field 260409a
100 1# - MAIN ENTRY--PERSONAL NAME
Personal name Tagle, Manuel
245 10 - TITLE STATEMENT
Title El Japón entre oriente y occidente
773 0# - HOST ITEM ENTRY
Title Anales de la Academia Nacional de Ciencias Económicas
Related parts - Vol. XXXIII, (1988) (ene. 1988)
Record control number REV25596

No hay ítems disponibles.